Hacia una Reforma del Programa de Alimentación Escolar (Record no. 8789)

MARC details
000 -LEADER
campo de control de longitud fija 00350nam a2200133Ia 4500
001 - NÚMERO DE CONTROL
campo de control 2089
008 - DATOS DE LONGITUD FIJA--INFORMACIÓN GENERAL
campo de control de longitud fija 241024s9999 xx 000 0 und d
082 ## - NÚMERO DE LA CLASIFICACIÓN DECIMAL DEWEY
Número de clasificación RD/371.716/V297h
100 ## - ENTRADA PRINCIPAL--NOMBRE DE PERSONA
Nombre de persona Alexis Vargas
245 #0 - MENCIÓN DEL TÍTULO
Título Hacia una Reforma del Programa de Alimentación Escolar
260 ## - PUBLICACIÓN, DISTRIBUCIÓN, ETC.
Nombre del editor, distribuidor, etc. Ed. Taller
Fecha de publicación, distribución, etc. 1994
901 ## - ELEMENTOS DE DATOS A LOCAL LDA (RLIN)
a 16/1/2012 2:41:38 p.m.

No items available.

© 2024. Todos los Derechos Reservados. Desarrollado por IDEICE